[Event "SRB-chT 1st League Men 2018"]
[Site "Valjevo"]
[Date "2018.09.07"]
[Round "8"]
[White "Benkovic, Petar"]
[Black "Brenjo, Slavisa"]
[Result "1/2-1/2"]
[WhiteElo "2405"]
[BlackElo "2450"]
[Annotator "TA"]
[PlyCount "81"]
[EventDate "2018.08.31"]
[EventType "team-tourn"]
[EventCountry "SRB"]
[SourceTitle "playchess.com"]
[Source "ChessBase"]
[SourceQuality "1"]

{[%evp 24,81,28,27,57,74,116,104,115,62,54,64,47,58,52,54,37,42,81,52,46,51,56,46,27,31,31,30,68,37,75,81,74,31,51,47,49,24,23,24,25,28,28,28,36,0,0,0,0,0,0,0,0,0,0,0,0,0,0,0]} 1. Nf3 {Bangiev,A} d5 2. d4 c5 3. c4 e6 4. cxd5 exd5 5. Nc3 Nc6 6. g3 Nf6 7. Bg2 Be7 8. O-O O-O 9. dxc5 Bxc5 10. Bg5 d4 11. Ne4 Be7 12. Bxf6 Bxf6 13. b4 {[%cal Bb2b4,Bb4b5][%mdl 32] LiveBook: 40 Games. D34: Tarrasch Defence: 6 g3 Nf6 7 Bg2 Be7} (13. Nxf6+ Qxf6 14. b4 Rd8 15. b5 Ne5 16. Rc1 Bg4 17. Nxd4 Rxd4 18. Qxd4 Nf3+ 19. exf3 Qxd4 20. fxg4 Qb6 21. Rfd1 Qxb5 {½-½ (81) Aronian,L (2797)-Wang,Y (2720) Beijing 2014}) 13... Bg4 14. b5 Ne5 $146 ({Predecessor:} 14... Bxf3 15. Bxf3 Ne5 16. Nxf6+ Qxf6 17. Bxb7 Rab8 18. Bc6 d3 19. exd3 Nxc6 20. bxc6 Qxc6 {½-½ (40) Kopylov,M (2431)-Bangiev,A (2430) Germany 2001 CBM 082 Extra [Bangiev,A]}) 15. Nxd4 {White is better.} Rc8 16. Nb3 ({White should try} 16. h3 $16 Rc4 17. Nxf6+ (17. hxg4 Rxd4 18. Qc1 Nxg4 $11) 17... Qxf6 18. Nf3 (18. hxg4 Rxd4 19. g5 Qd6 $14) 18... Bxf3 19. exf3) 16... Qxd1 $14 17. Nxf6+ gxf6 18. Rfxd1 {Strongly threatening f3.} Bxe2 19. Rd6 Bxb5 20. Bxb7 Rb8 21. Be4 Rb6 22. Rad1 Bc4 23. Rxb6 axb6 24. Rd6 b5 25. f4 Ng6 26. Nd4 Bxa2 27. Nxb5 Re8 28. Bf3 Kg7 29. Nd4 Bb1 30. h4 Ne7 31. Kf2 Nf5 32. Nxf5+ Bxf5 $11 {[%mdl 4096] Endgame KRB-KRB} 33. g4 Be4 34. g5 fxg5 {The position is equal.} 35. hxg5 Bxf3 36. Kxf3 {KR-KR} Re1 37. Rh6 Rf1+ 38. Ke4 Re1+ 39. Kf5 Ra1 40. Rc6 Re1 41. Rb6 {Precision: White = 45%, Black = 82%.} 1/2-1/2

[Event "SRB-chT 1st League Men 2018"]
[Site "Valjevo"]
[Date "2018.09.07"]
[Round "8"]
[White "Sarenac, Ivan"]
[Black "Kosic, Dragan"]
[Result "1/2-1/2"]
[WhiteElo "2385"]
[BlackElo "2465"]
[Annotator "TA"]
[PlyCount "69"]
[EventDate "2018.08.31"]
[EventType "team-tourn"]
[EventCountry "SRB"]
[SourceTitle "playchess.com"]
[Source "ChessBase"]
[SourceQuality "1"]

{[%evp 14,69,28,30,29,21,30,31,48,33,31,31,32,10,19,13,15,7,7,18,12,14,14,15,8,10,22,6,24,8,16,6,7,0,0,0,27,45,70,62,84,86,81,78,164,147,139,52,52,47,56,59,59,0,62,0,67,0]} 1. e4 e6 2. d4 d5 3. Nc3 dxe4 4. Nxe4 Nd7 5. Nf3 Ngf6 6. Nxf6+ Nxf6 7. c3 Bd6 {C10: French with 3 Nc3: Unusual Black 3rd moves and 3...dxe4} (7... c5 8. Be3 Qc7 9. Bb5+ Bd7 10. Bxd7+ Nxd7 11. d5 exd5 12. Qxd5 Nf6 13. Qc4 Bd6 14. Bg5 Qe7+ 15. Kf1 O-O {½-½ (49) Kramnik,V (2792)-Meier,G (2628) Dortmund 2018}) 8. Bd3 {LiveBook: 3 Games} O-O 9. O-O b6 {The position is equal.} 10. Bg5 Bb7 11. Qe2 h6 12. Bh4 c5 13. dxc5 $146 ({Predecessor:} 13. Rad1 cxd4 14. Nxd4 Qe7 15. Rfe1 Rfd8 {1-0 (74) Anikin,V (2036)-Owens,J (2019) ICCF email 2015}) 13... bxc5 14. Rad1 {Black should prevent Ne5.} Qc7 15. Bxf6 gxf6 16. Be4 Rfd8 17. Bxb7 Qxb7 18. Nd2 {[%cal Bf3d2,Bd2c4,Bc4e3][%mdl 32]} Be7 19. Nc4 f5 20. g3 Bf8 21. Rfe1 Rab8 22. Rxd8 Rxd8 23. Rd1 Qe4 24. Ne3 Rb8 25. Rd7 {[#] Black must now prevent Qh5.} Bg7 26. Qh5 $36 {[%mdl 2048] White has the initiative.} ({Much worse is} 26. Rxa7 $6 Qb1+ 27. Kg2 Rxb2 $11) 26... Rf8 27. Rxa7 Qb1+ 28. Nd1 e5 (28... Qe4 $16) 29. Rd7 f4 {[#]} 30. Kg2 (30. a3 $1 $16) 30... Qxa2 $14 31. Qf3 Qc4 32. Qd5 Qe2 33. Qf3 (33. Qd3 $5 {[%cal Rd3e2]} Qg4 34. f3 $11) 33... Qc4 $1 34. Qd5 Qe2 35. Qf3 {Precision: White = 55%, Black = 63%.} ({White should play} 35. Qd3 $14 Qg4 36. f3) 1/2-1/2

[Event "SRB-chT 1st League Men 2018"]
[Site "Valjevo"]
[Date "2018.09.07"]
[Round "8"]
[White "Radovic, Luka"]
[Black "Popovic, Nenad"]
[Result "1-0"]
[WhiteElo "2342"]
[BlackElo "2238"]
[Annotator "TA"]
[PlyCount "135"]
[EventDate "2018.08.31"]
[EventType "team-tourn"]
[EventCountry "SRB"]
[SourceTitle "playchess.com"]
[Source "ChessBase"]
[SourceQuality "1"]

{[%evp 11,135,7,8,0,0,-11,0,-19,1,-35,-25,-27,-21,-21,-7,-25,-29,-36,-33,-39,-20,-20,-20,-29,-14,-29,37,43,38,29,64,52,85,87,145,114,106,100,104,92,93,85,141,135,218,175,195,112,140,146,232,233,325,320,307,301,303,249,257,188,339,352,299,220,569,563,565,550,560,552,547,0,476,420,420,377,366,244,759,266,432,264,481,385,382,365,745,232,710,356,1392,1451,6403,6319,4902,1373,2183,1674,7234,7150,6829,7069,6453,6400,5303,3555,5122,5122,5056,3547,3555,2355,3500,3383,1902,1602,3555,3539,3293,3075,2339,2175,6133,5608,6211,6048]} 1. c4 c5 2. Nf3 Nc6 3. g3 g6 4. Bg2 Bg7 5. O-O d6 6. Nc3 Bg4 {LiveBook: 27 Games} 7. d3 {A37: Symmetrical English vs ...g6: 4 Bg2 Bg7 5 Nf3} (7. a3 Qd7 8. Rb1 Bh3 9. b4 cxb4 10. axb4 h5 11. Bxh3 Qxh3 12. Nd5 h4 13. Nf4 Qd7 14. d4 g5 15. Nxg5 {1-0 (23) Cvek,R (2525)-Zwardon,V (2413) Czech Republic 2016}) 7... Qd7 8. Nd5 Rc8 $146 ({Predecessor:} 8... Nf6 9. Ng5 h6 10. Nxf6+ Bxf6 11. Ne4 Bg7 12. Re1 Bh3 13. e3 Bxg2 14. Kxg2 f5 {0-1 (48) Kostjukovich,S-Pikkmets Mikk,R Tallinn 2000}) 9. Re1 {The position is equal.} h5 10. Qb3 Bxf3 11. exf3 Nd4 12. Qd1 $1 Kf8 13. f4 e6 14. Nc3 h4 15. Bd2 Ne7 16. Rb1 hxg3 17. hxg3 Nec6 18. a3 f5 ({Black should play} 18... Ne7 $11) 19. b4 $14 {[%cal Bb2b4,Bb4b5][%mdl 32]} Bf6 20. b5 Ne7 21. Ne2 Kf7 22. Nxd4 cxd4 (22... Bxd4 $142 23. Re2 Rce8) 23. Bb4 g5 24. fxg5 Bxg5 25. Qf3 b6 26. a4 {[%cal Ba3a4,Ba4a5][%mdl 32]} Rc7 (26... Bf6 $142) 27. a5 $16 Ng6 (27... d5 $16) 28. Qe2 e5 29. Bd5+ (29. axb6 $1 $18 axb6 30. Ra1) 29... Kf6 30. Kg2 Qd8 (30... bxa5 $16 31. Bxa5 Rcc8) 31. Rh1 $18 Rg7 32. Rxh8 Qxh8 33. Rh1 Qd8 34. axb6 axb6 35. Qf3 Ra7 $2 (35... Nh4+ 36. gxh4 Bd2+ 37. Kh3 Bxb4) 36. Rh5 Rg7 37. Bd2 {[%csl Gh5][%cal Rd2g5]} Nh4+ $2 (37... Ne7) 38. Rxh4 (38. gxh4 Bxd2+ 39. Kf1 Bf4 $18) 38... Bxd2 39. Rh5 Bg5 40. Qd1 Qe8 41. Qf3 $2 (41. Qh1 $18 {Black must now prevent Rh8.} Qe7 42. Rh8) 41... Qc8 $2 {[%mdl 8192]} (41... Qd8 $1 $11 {and Black stays safe.}) 42. Rh1 Ra7 43. Qh5 Qf8 44. Re1 Ra3 $2 {[#]} (44... Re7 45. Ra1 Qh6 46. Qxh6+ Bxh6) 45. Qe2 $2 (45. c5 $1 {[%mdl 512]} bxc5 46. b6) 45... Qg7 $2 (45... Ra7 46. Qh5 Re7) 46. Rh1 Ke7 $2 (46... Bf4 {is a better defense.} 47. Rh5 Rc3) 47. Qf3 Qg6 48. Rh8 e4 $2 {[#]} (48... Bf6 49. Rb8 e4) 49. Qe2 $2 (49. Bxe4 $1 {[%mdl 512]} fxe4 50. Qf8+ Ke6 51. Qc8+ Kf6 52. Qd8+ Ke6 53. Re8+ Qxe8 54. Qxe8+ Be7 55. Qg6+ Kd7 56. Qxe4) 49... e3 $2 (49... Bf6 50. Rb8 (50. dxe4 d3 $11) 50... Be5) 50. Rb8 Bf4 $2 (50... Qh6 51. Rb7+ (51. Rxb6 {gets mated.} Ra1 52. Qf1 Rxf1 53. Rb7+ Kf6 54. Rf7+ Kg6 55. Kxf1 Qh2 56. Rxf5 Kxf5 57. Bg2 exf2 58. Bh3+ Qxh3+ 59. Kxf2 Be3+ 60. Ke1 Qxg3+ 61. Kd1 Qf2 62. b6 Qd2#) 51... Ke8 52. Bf7+ (52. Rxb6 Ra1 53. Qf1 Rxf1 54. Kxf1 Qh2 55. Rb8+ Ke7 56. Rb7+ Kf6 57. Rf7+ Kg6 58. Rxf5 Kxf5 59. Bg2 exf2 60. Bh3+ Qxh3+ 61. Kxf2 Be3+ 62. Ke2 Qxg3 63. Kd1 Qf2 64. b6 Qd2#) 52... Kf8) 51. Rg8 {White is clearly winning.} Qh6 52. gxf4 Ra1 53. Kg3 Rg1+ 54. Bg2 Qh1 55. fxe3 Re1 56. Bxh1 Rxe2 57. exd4 {[%mdl 4096] Endgame KRB-KR} Re3+ 58. Bf3 Rxd3 59. d5 Kd7 60. Ra8 Rc3 61. Ra4 Kc7 62. Kf2 Kb7 63. Be2 Rh3 64. Ra1 Rh2+ 65. Ke3 Rh3+ 66. Bf3 Rh2 67. Rh1 Rc2 68. Be2 {Precision: White = 57%, Black = 21%.} 1-0

[Event "SRB-chT 1st League Men 2018"]
[Site "Valjevo"]
[Date "2018.09.07"]
[Round "8"]
[White "Bozic, Milan"]
[Black "Radovic, Janko"]
[Result "*"]
[WhiteElo "2334"]
[BlackElo "2405"]
[Annotator "ChessBase"]
[PlyCount "89"]
[EventDate "2018.08.31"]
[EventType "team-tourn"]
[EventCountry "SRB"]
[SourceTitle "playchess.com"]
[Source "ChessBase"]
[SourceQuality "1"]
[TimeControl "40/5400+30:1800+30"]

1. d4 {[%emt 0:00:00]} Nf6 {[%emt 0:00:00]} 2. Nf3 {[%emt 0:00:58]} e6 {[%emt 0:00:00]} 3. c4 {[%emt 0:00:13]} Be7 {[%emt 0:00:23]} 4. Nc3 {[%emt 0:00:59]} d5 {[%emt 0:00:10]} 5. Qc2 {[%emt 0:03:46]} O-O {[%emt 0:04:43]} 6. cxd5 {[%emt 0:01:54]} exd5 {[%emt 0:00:13]} 7. Bf4 {[%emt 0:00:31]} c5 {[%emt 0:10:31]} 8. e3 {[%emt 0:05:25]} Nc6 {[%emt 0:00:41]} 9. h3 {[%emt 0:04:10]} cxd4 {[%emt 0:06:11]} 10. Nxd4 {[%emt 0:05:37]} Nxd4 {[%emt 0:08:37]} 11. exd4 {[%emt 0:02:24]} Bd6 {[%emt 0:00:14]} 12. Bxd6 {[%emt 0:01:02]} Qxd6 {[%emt 0:00:02]} 13. Be2 {[%emt 0:00:15]} Ne4 {[%emt 0:11:08]} 14. O-O {[%emt 0:07:06]} Nxc3 {[%emt 0:01:09]} 15. Qxc3 {[%emt 0:00:49]} Be6 {[%emt 0:00:20]} 16. Rac1 {[%emt 0:02:47]} Rac8 {[%emt 0:04:02]} 17. Qd2 {[%emt 0:00:28]} h6 {[%emt 0:02:34]} 18. Bf3 {[%emt 0:08:29]} b6 {[%emt 0:02:02]} 19. a3 {[%emt 0:04:06]} Rxc1 {[%emt 0:05:12]} 20. Rxc1 {[%emt 0:00:51]} Rc8 {[%emt 0:00:01]} 21. b4 {[%emt 0:01:17]} Rc6 {[%emt 0:02:02]} 22. h4 {[%emt 0:07:49]} Rc4 {[%emt 0:08:15]} 23. Be2 {[%emt 0:03:43]} Rxc1+ {[%emt 0:01:54]} 24. Qxc1 {[%emt 0:00:10]} a5 {[%emt 0:02:00]} 25. bxa5 {[%emt 0:03:52]} bxa5 {[%emt 0:00:12]} 26. Qc3 {[%emt 0:00:07]} Qb6 {[%emt 0:09:38]} 27. Bd3 {[%emt 0:03:07]} Bd7 {[%emt 0:02:31]} 28. g3 {[%emt 0:03:06]} Bg4 {[%emt 0:03:01]} 29. f3 {[%emt 0:01:20]} Bd7 {[%emt 0:01:21]} 30. Kf2 {[%emt 0:00:13]} g6 {[%emt 0:01:15]} 31. Ke3 {[%emt 0:04:01]} Qe6+ {[%emt 0:02:24]} 32. Kd2 {[%emt 0:01:54]} Qb6 {[%emt 0:00:18]} 33. f4 {[%emt 0:06:05]} Kg7 {[%emt 0:01:41]} 34. Bc2 {[%emt 0:02:20]} Bg4 {[%emt 0:12:15]} 35. Kc1 {[%emt 0:04:33]} Qe6 {[%emt 0:03:04]} 36. Bb3 {[%emt 0:06:36]} Bf5 {[%emt 0:01:33]} 37. Kd2 {[%emt 0:01:09]} Qe4 {[%emt 0:01:29]} 38. Qe3 {[%emt 0:02:37]} Qg2+ {[%emt 0:04:34]} 39. Ke1 {[%emt 0:01:51]} Be4 {[%emt 0:00:16]} 40. Qf2 {[%emt 0:00:00]} Qh1+ {[%emt 0:00:00]} 41. Qf1 {[%emt 0:02:30]} Qh2 {[%emt 0:01:21]} 42. Qf2 {[%emt 0:00:26]} Qh3 {[%emt 0:00:22]} 43. Bd1 {[%emt 0:03:37]} h5 {[%emt 0:02:58]} 44. Kd2 {[%emt 0:07:10]} Qe6 {[%emt 0:32:13]} 45. Qe3 {[%emt 0:21:07]} *

[Event "SRB-chT 1st League Men 2018"]
[Site "Valjevo"]
[Date "2018.09.07"]
[Round "8"]
[White "Somborski, Nebojsa"]
[Black "Predojevic, Borki"]
[Result "0-1"]
[WhiteElo "2310"]
[BlackElo "2624"]
[Annotator "TA"]
[PlyCount "98"]
[EventDate "2018.08.31"]
[EventType "team-tourn"]
[EventCountry "SRB"]
[SourceTitle "playchess.com"]
[Source "ChessBase"]
[SourceQuality "1"]

{[%evp 23,98,0,32,-17,9,0,19,12,21,4,21,16,14,0,-9,-15,2,-2,9,8,23,17,24,28,28,27,22,15,5,0,14,-5,3,0,20,15,8,15,96,0,0,-5,-4,-68,-67,-75,-67,-82,-41,-108,-107,-108,-108,-145,-145,-145,-145,-145,-145,-163,-143,-142,-142,-145,-142,-140,-139,-140,-139,-139,-130,-197,-143,-366,-366,-29998,-29999]} 1. e4 c5 2. Nf3 d6 3. d4 cxd4 4. Nxd4 Nf6 5. Nc3 a6 6. a4 g6 7. Be2 Bg7 8. O-O O-O 9. Be3 Nc6 10. Qd2 Bd7 {B90: Sicilian Najdorf: Unusual White 6th moves, 6 Be3 Ng4 and 6 Be3 e5} (10... Nxd4 11. Bxd4 Be6 12. a5 Rc8 13. Rfd1 Qc7 14. h3 Rfe8 15. Ra3 Nd7 16. Bxg7 Kxg7 17. Qd4+ Kg8 18. Rd2 {0-1 (85) Adams,M (2715)-Nepomniachtchi,I (2729) London 2017}) 11. Rfd1 Rc8 12. f3 Re8 {LiveBook: 3 Games. The position is equal.} 13. Kh1 Qc7 14. Nxc6 Qxc6 $146 ({Predecessor:} 14... Bxc6 15. a5 Nd7 16. Bd4 Bxd4 17. Qxd4 Nf6 18. Rd2 Red8 19. Bc4 Bd7 20. Bb3 Qc5 {½-½ (64) Zelcic,R (2514)-Safarli,E (2391) Kusadasi 2006}) 15. a5 Be6 16. Bd4 Nd7 17. Bxg7 Kxg7 18. f4 Nf6 19. Bf3 {Strongly threatening e5.} Qc7 20. Qe3 Kg8 21. h3 Rb8 22. Rd2 b6 23. axb6 Qxb6 24. Qxb6 Rxb6 25. b3 Rc8 26. Ne2 Rc5 27. Nc1 Rc3 28. Nd3 Nd7 29. Kg1 Kg7 30. Kf2 Nc5 (30... f6 $11 {keeps the balance.}) 31. Nxc5 ({White should play} 31. Nb2 $1 $16) 31... dxc5 $11 32. Be2 c4 33. Bxc4 (33. bxc4 $11 Bxc4 34. Bd3) 33... Bxc4 $15 34. bxc4 Rxc4 $11 {[%mdl 4096] Endgame KRR-KRR} 35. Kf3 h5 36. h4 {[#]} (36. Ra3 $15) 36... Rc3+ $1 $17 37. Kf2 {[#]} Rf6 $1 {[%cal Rf6f4]} 38. f5 gxf5 39. exf5 Rxf5+ 40. Kg1 a5 41. Ra2 e6 42. Rd4 Kg6 43. Rda4 f6 44. Kh2 Rcc5 45. Re4 Rfe5 46. Rea4 Red5 47. Kg3 (47. c4 $17 {was called for.} Rd4 48. g3) 47... e5 (47... Rc3+ $19 48. Kh2 e5 49. Rxa5 Rd4) 48. Kf3 $2 (48. c4 $17 {keeps fighting.} Rd3+ 49. Kh2) 48... Rd2 $19 49. Rxa5 $2 (49. Re4 $19) 49... Rc3+ {Precision: White = 43%, Black = 50%.} 0-1

[Event "SRB-chT 1st League Men 2018"]
[Site "Valjevo"]
[Date "2018.09.07"]
[Round "8"]
[White "Maksimovic, Branimir"]
[Black "Radlovacki, Jovan"]
[Result "1/2-1/2"]
[WhiteElo "2306"]
[BlackElo "2312"]
[Annotator "NA"]
[PlyCount "115"]
[EventDate "2018.08.31"]
[EventType "team-tourn"]
[EventCountry "SRB"]
[SourceTitle "playchess.com"]
[Source "ChessBase"]
[SourceQuality "1"]
[TimeControl "40/5400+30:1800+30"]

1. Nf3 {[%emt 0:01:51]} Nf6 {[%emt 0:00:00]} 2. d4 {[%emt 0:00:16]} e6 {[%emt 0:00:00]} 3. Bf4 {[%emt 0:00:35]} b6 {[%emt 0:00:15]} 4. e3 {[%emt 0:00:20]} Be7 {[%emt 0:01:11]} 5. h3 {[%emt 0:00:06]} Bb7 {[%emt 0:00:33]} 6. Nbd2 {[%emt 0:00:11]} O-O {[%emt 0:05:46]} 7. Bd3 {[%emt 0:00:20] LiveBook: 168 Games} d5 {[%emt 0:01:24]} 8. O-O {[%emt 0:00:46]} c5 {[%emt 0:00:35]} 9. c3 {[%emt 0:00:22]} Nc6 {[%emt 0:06:09]} 10. Qb1 {[%emt 0:02:24] D02: 1 d4 d5 2 Nf3 sidelines, including 2...Nf6 3 g3 and 2...Nf6 3 Bf4} (10. Re1 Bd6 11. Bxd6 Qxd6 12. e4 dxe4 13. Nxe4 Nxe4 14. Bxe4 Rad8 15. dxc5 Qxc5 16. Qe2 Rd6 17. Rad1 Rfd8 18. Rxd6 Rxd6 {½-½ (30) Safarli,E (2633)-Salgado Lopez,I (2627) Linares 2017}) 10... Bd6 {[%emt 0:02:25]} 11. Ne5 {[%emt 0:01:53]} Qc7 {[%emt 0:00:19]} 12. Ndf3 {[%emt 0:09:26]} Nd8 $146 {[%emt 0:25:33]} ({Predecessor:} 12... Ne7 13. a4 h6 14. Bh2 Ne4 15. Qd1 f6 16. Ng4 Bxh2+ 17. Ngxh2 cxd4 18. exd4 {0-1 (51) Yuksel,M (2052)-Sharif,M (2462) Kamena Vourla 2012}) 13. Ng5 {[%emt 0:08:05]} h6 {[%emt 0:02:17]} 14. Nh7 {[%emt 0:16:45]} Nxh7 {[%emt 0:01:35]} 15. Bxh7+ {[%emt 0:00:03]} Kh8 {[%emt 0:00:09]} 16. Bd3 {[%emt 0:14:39]} Nc6 {[%emt 0:02:15]} 17. Nxc6 {[%emt 0:00:04]} Bxf4 {[%emt 0:00:07]} 18. exf4 {[%emt 0:00:33]} Qxc6 {[%emt 0:02:22]} 19. Qd1 {[%emt 0:04:06]} Qd6 {[%emt 0:01:11]} 20. Qd2 {[%emt 0:00:03]} Bc6 {[%emt 0:05:57]} 21. Rfe1 {[%emt 0:00:15]} Bd7 {[%emt 0:00:38]} 22. Re5 {[%emt 0:00:55]} Rae8 {[%emt 0:04:04]} 23. Rae1 {[%emt 0:00:12]} cxd4 {[%emt 0:03:52]} 24. cxd4 {[%emt 0:00:05]} Rc8 {[%emt 0:01:32]} 25. a3 {[%emt 0:00:24]} f6 {[%emt 0:12:03]} 26. R5e2 {[%emt 0:00:22]} f5 {[%emt 0:00:25]} 27. g3 {[%emt 0:03:30]} Rf6 {[%emt 0:03:11]} 28. Qb4 {[%emt 0:01:26]} Qxb4 {[%emt 0:02:25]} 29. axb4 {[%emt 0:00:13]} Rff8 {[%emt 0:02:44]} 30. Ra1 {[%emt 0:00:23]} Rc7 {[%emt 0:00:16]} 31. h4 {[%emt 0:00:32]} Kg8 {[%emt 0:14:17]} 32. Ree1 {[%emt 0:34:55]} Kf7 {[%emt 0:00:30]} 33. b5 {[%emt 0:00:30]} Rfc8 {[%emt 0:00:30]} 34. Kf1 {[%emt 0:00:30]} Kf6 {[%emt 0:00:30]} 35. Ke2 {[%emt 0:00:30]} Be8 {[%emt 0:00:30]} 36. Kd2 {[%emt 0:00:30]} Bh5 {[%emt 0:00:30]} 37. Re3 {[%emt 0:00:30]} Rd8 {[%emt 0:00:30]} 38. f3 {[%emt 0:00:30]} Rg8 {[%emt 0:00:30]} 39. Be2 {[%emt 0:00:30]} Rgc8 {[%emt 0:00:30]} 40. Rc3 {[%emt 0:00:30]} Rxc3 {[%emt 0:00:30]} 41. bxc3 {[%emt 0:30:30]} Rc7 {[%emt 0:30:30]} 42. g4 {[%emt 0:00:30]} Bg6 {[%emt 0:00:30]} 43. h5 {[%emt 0:00:30]} Bf7 {[%emt 0:00:30]} 44. Bd3 {[%emt 0:00:30]} g6 {[%emt 0:00:30]} 45. hxg6 {[%emt 0:00:30]} Bxg6 {[%emt 0:00:30]} 46. Rh1 {[%emt 0:00:30]} Rh7 {[%emt 0:00:30]} 47. c4 {[%emt 0:00:30]} dxc4 {[%emt 0:00:30]} 48. Bxc4 {[%emt 0:00:30]} Rd7 {[%emt 0:00:30]} 49. Kc3 {[%emt 0:00:30]} Rh7 {[%emt 0:00:30]} 50. Rxh6 $1 {[%emt 0:00:30]} Rxh6 {[%emt 0:00:30]} 51. g5+ {[%emt 0:00:30]} Ke7 {[%emt 0:00:30]} 52. gxh6 $18 {[%emt 0:00:30]} Kd6 {[%emt 0:00:30]} 53. Kd2 {[%emt 0:00:30]} Bh7 {[%emt 0:00:30]} 54. Ke3 {[%emt 0:00:30]} Bg6 {[%emt 0:00:30]} 55. Kf2 {[%emt 0:00:30]} Ke7 {[%emt 0:00:30]} 56. Kg3 {[%emt 0:00:30]} Kf6 {[%emt 0:00:30]} 57. Kh4 {[%emt 0:00:30]} Bh7 {[%emt 0:00:30]} 58. Kh5 {[%emt 0:00:30]} 1/2-1/2

[Event "SRB-chT 1st League Men 2018"]
[Site "Valjevo"]
[Date "2018.09.07"]
[Round "8"]
[White "Sarenac, David"]
[Black "Lazic, Miroljub"]
[Result "1-0"]
[WhiteElo "2272"]
[BlackElo "2476"]
[Annotator "TA"]
[PlyCount "103"]
[EventDate "2018.08.31"]
[EventType "team-tourn"]
[EventCountry "SRB"]
[SourceTitle "playchess.com"]
[Source "ChessBase"]
[SourceQuality "1"]

{[%evp 13,103,44,45,39,55,51,62,52,66,70,88,47,45,48,54,26,32,12,35,0,35,-10,0,-4,-4,0,0,-20,-30,-90,-40,-39,-15,-31,-23,-12,-43,-48,-4,-52,-53,-43,-51,-47,-36,-46,-25,-38,-39,-202,-157,-300,-321,-125,-112,-643,-503,-487,-421,-459,268,259,394,287,497,162,163,152,157,135,188,184,369,369,364,358,340,320,343,281,305,270,360,352,334,332,558,553,515,481,404,397]} 1. e4 e5 2. Nf3 Nc6 3. Bb5 a6 4. Ba4 Nge7 5. c3 d6 6. d4 Bd7 7. d5 Nb8 {LiveBook: 26 Games} 8. Bc2 {C75: Ruy Lopez: Deferred Steinitz: 5 c3 Bd7 6 d4 without ...g6} Ng6 9. Nbd2 Be7 10. Nc4 {White is slightly better.} Nh4 $146 ({Predecessor:} 10... O-O 11. h4 h6 12. g3 Re8 13. a4 a5 14. Nh2 Nf8 15. Ng4 Nh7 {1-0 (44) Gleichmann,M (2527)-Har Even,A (2433) ICCF email 2014}) 11. Nxh4 Bxh4 12. Ne3 O-O 13. O-O Bg5 14. c4 a5 15. Qe1 g6 16. Qc3 c5 17. dxc6 Nxc6 18. b3 Nd4 19. Bd3 Bc6 20. Re1 f5 21. Nc2 (21. exf5 $11 {remains equal.} Bf4 22. Nd5 (22. fxg6 Bxh2+ 23. Kxh2 Qh4+ 24. Kg1 Rxf2 $19) 22... Bxc1 23. Raxc1) 21... Ne6 22. exf5 gxf5 23. Bf1 Bf6 24. Bh6 Rf7 25. Rad1 Kh8 26. Qd3 Be7 27. Qh3 Qg8 28. Ne3 Qg6 {...Bg5 is the strong threat.} 29. Nd5 Bg5 $1 {[%cal Rg5h6]} 30. Bxg5 Nxg5 31. Qe3 $2 (31. Qc3 $1 $15) 31... f4 $1 $19 {[%cal Rf4e3]} 32. Qd3 (32. Qc3 $17) 32... Qh5 $1 33. Kh1 Rg8 $1 34. c5 $2 {[%mdl 8192]} (34. Rd2 $17) 34... Rg6 35. cxd6 Rh6 $1 {[%csl Gh6][%cal Rh5h2]} 36. h3 Rxd6 $4 {[%mdl 8192]} (36... Nxh3 $1 $19 {and all is fine.} 37. Qxh3 (37. gxh3 Rg7 $17) 37... Qg6 38. Qxh6 Qxh6+ 39. Kg1 Qg5) 37. Rxe5 $18 Qh6 (37... Rg7 $142 38. Qd4 Bd7) 38. Qd4 {[%cal Re5e8]} Kg8 $2 (38... Rff6 39. Rf5 Rxd5 40. Rxd5 (40. Qxf6+ $2 {perishes.} Qxf6 41. Rdxd5 Qa1 $19) 40... Bxd5) 39. Ne7+ $2 (39. Qc5 Kg7 40. Qc3) 39... Rxe7 {[#]} 40. Rxg5+ $1 {[%mdl 512]} Qxg5 41. Qxd6 f3 (41... Kg7 $16) 42. g3 $36 {[%mdl 2048] aiming for Qd8+. White is in control.} Qe5 $2 {[#]} (42... Kg7 43. Qd8 Qe5) 43. Qh6 $1 ({Weaker is} 43. Bc4+ Kg7 $16) 43... Re8 44. Bc4+ Kh8 45. Bf7 Rc8 46. Kh2 Qg7 47. Qh5 Qf6 48. a4 Rf8 49. Bc4 Re8 $2 (49... b6 50. h4 Be4) 50. Qxa5 Kg7 51. Qc7+ Re7 52. Qd8 {Precision: White = 38%, Black = 45%.} 1-0

[Event "SRB-chT 1st League Men 2018"]
[Site "Valjevo"]
[Date "2018.09.08"]
[Round "9"]
[White "Berkes, Ferenc"]
[Black "Perunovic, Milos"]
[Result "1/2-1/2"]
[WhiteElo "2678"]
[BlackElo "2601"]
[Annotator "TA"]
[PlyCount "125"]
[EventDate "2018.08.31"]
[EventType "team-tourn"]
[EventCountry "SRB"]
[SourceTitle "playchess.com"]
[Source "ChessBase"]
[SourceQuality "1"]

{[%evp 22,125,11,14,7,3,34,33,27,28,35,25,36,10,11,12,19,9,13,8,9,14,8,0,0,0,19,-31,-32,-29,-50,-39,-37,-39,-29,-45,-31,-33,-16,-38,-14,-17,0,0,0,0,5,8,0,0,6,-8,-8,-9,0,0,-7,-3,-5,-25,-15,-22,-4,-11,-3,-6,0,-63,-22,-45,-37,-56,-34,-25,-15,-22,-8,-8,-8,-8,-8,-8,-8,-8,-8,-8,-8,-8,0,0,0,0,8,8,8,0,0,0,0,0,0,0,0,0,0,0]} 1. d4 Nf6 2. Nf3 d5 3. c4 e6 4. Nc3 c6 5. Bg5 h6 6. Bxf6 Qxf6 7. e3 g6 8. Bd3 Bg7 9. O-O O-O 10. Rc1 Nd7 11. cxd5 {D43: Semi-Slav: 5 Bg5 h6} (11. e4 dxc4 12. Bxc4 e5 13. d5 Nb6 14. Bb3 {½-½ (14) Stupak,K (2555)-Ter Sahakyan,S (2617) Yerevan 2016}) 11... exd5 12. b4 {LiveBook: 4 Games} Qd6 13. Qb3 Nb6 14. b5 Be6 15. bxc6 $146 ({Predecessor:} 15. Na4 cxb5 16. Nxb6 Qxb6 17. Bxb5 Rfc8 18. Rfd1 a6 19. Be2 Qxb3 20. axb3 {½-½ (41) Toman,J (2168)-Nemcova,K (2245) Zdar nad Sazavou 2007}) 15... bxc6 16. Nd2 Rfc8 17. Ba6 Rcb8 18. Qc2 Nd7 19. Be2 c5 20. dxc5 Qxc5 21. Nb3 Qb4 22. Qd2 Rc8 {[%cal Rg7c3]} 23. Nd4 Rc5 {With the idea ...Rac8.} 24. Ne4 (24. Rc2 {feels hotter.} Bxd4 25. exd4 Rc7 26. Rb1 Qf8 27. Rcc1) 24... Qxd2 25. Nxd2 Bxd4 26. exd4 Ra5 27. Rc2 Bf5 28. Rb2 Rb8 29. Nb3 $1 Ra4 30. Rd1 Nf6 31. f3 Rab4 32. Rbd2 g5 33. Kf2 Bd7 34. Rc1 Bb5 35. Bxb5 R8xb5 36. Re2 Rc4 37. Rec2 Ra4 38. Rc8+ Kg7 39. R1c2 Rb6 40. Ke2 Nh5 41. g3 Nf6 42. g4 h5 43. h3 $1 Re6+ 44. Kd2 (44. Kf2 $11 Rb6 45. R8c7) 44... hxg4 45. hxg4 Nd7 {White must now prevent ...Nb6.} 46. Kc1 Nb6 47. Nc5 $1 {[#] Strongly threatening Rc7.} Re1+ 48. Kd2 {The position is equal.} Rxd4+ 49. Kxe1 Nxc8 $11 {[%mdl 4096] Endgame KRN-KRN} 50. Nb3 $132 {[%mdl 2048] White puts up resistance} Rc4 51. Rxc4 $1 dxc4 {KN-KN} 52. Na5 $1 Nb6 53. Kd2 Kf6 {Threatens to win with ...Ke5.} 54. Nc6 $1 Na4 55. Nxa7 Ke5 56. Nb5 f5 57. Nc3 Nc5 58. Ke3 fxg4 59. fxg4 Nd7 60. Ne4 Kd5 61. Nc3+ Ke5 62. Ne4 Kd5 63. Nc3+ {Precision: White = 77%, Black = 61%.} 1/2-1/2